LEADER 01072nam a2200253 4500 001 000000349050 003 CaOOAMICUS 005 20220112094722.0 008 220112s2019 it a 000 u ita r 020 $a978-88-301-0099-2 040 $aSeMil$bita 100 1 $aPorro, Alberto,$d<1958- >.$0(OLS)http://semarc/name/115271 245 10$aCome sopravvivere alla Chiesa cattolica e non perdere la fede /$cAlberto Porro. 264 1$aFirenze ;$aMilano :$bBompiani,$c2019. 300 $a109 p. :$bill. ;$c19 cm 490 1 $aPasSaggi Bompiani 650 4$aVita cristiana.$0(OLS)http://semarc/subject/4445 830 0$aPasSaggi Bompiani.$0(OLS)http://semarc/title/10218 850 $aSeMil 852 $aSeMil$W1$xVenegono$y1$m1Q I 125$j231249$B240141$CSeMilBibl$Z2$F240141 $81 996 $6020$a978-88-301-0099-2$9(OLS)http://semarc/number/294992 996 $6245$aCome sopravvivere alla Chiesa cattolica e non perdere la fede$9(OLS)http://semarc/title/438552 996 $6264$aFirenze ;$aMilano :$bBompiani$9(OLS)http://semarc/publisher/60021 LEADER 01453nam a2200325 i 4500 001 000000071001 003 CaOOAMICUS 005 20111221000000.0 008 111221s1999 it u000 u ita u 013 $a42173 020 $a88-15-07260-8 040 $aSeMil$bita 100 1 $aDuelffer, Jost.$0(OLS)http://semarc/name/35322 240 10$aJalta, 4. Februar 1945 : der Zweite Weltkrieg und die Entstehung der bipolaren Welt.$0(OLS)http://semarc/title/114118 245 10$aYalta, 4 febbraio 1945 :$bdalla guerra mondiale alla guerra fredda /$cJost Dülffer. 260 $aBologna :$bIl Mulino,$ccopyr. 1999. 300 $a302 p. ;$c22 cm. 490 0 $aGiorni nel 20. secolo 490 0 $aBiblioteca storica 500 $aContiene : Letture consigliate. 650 4$aEuropa - Storia - Sec. 20.$0(OLS)http://semarc/subject/574 650 4$aGuerra mondiale <1939-1945>.$0(OLS)http://semarc/subject/2761 830 0$aGiorni nel 20. secolo.$0(OLS)http://semarc/title/580 830 0$aBiblioteca storica.$0(OLS)http://semarc/title/9383 850 $aSeMil 852 $aSeMil$W1$xVenegono$y1$m3T VI 196$j37154$B37154$CSeMilBibl$Z2$F37157 $81 961 $aAcquisto: Casa editrice 996 $6020$a88-15-07260-8$9(OLS)http://semarc/number/49926 996 $6245$aYalta, 4 febbraio 1945 :$bdalla guerra mondiale alla guerra fredda$9(OLS)http://semarc/title/114117 996 $6260$aBologna :$bIl Mulino$9(OLS)http://semarc/publisher/29842